000 00292nam a22001337a 4500
008 170822b xxu||||| |||| 00| 0 eng d
020 _a1439044360
041 _aeng
080 _24 ED
_a51
100 _a37
101 _aMAT
245 _aINTERMEDIATE ALGEBRA
_cTUSSY.G
942 _2udc
_cBK
999 _c24483
_d24483